[Event "XI Weekend B"]
[Site "Porto Sant'Elpidio ITA"]
[Date "2008.11.30"]
[Round "6"]
[White "Giampieri, Stefano"]
[Black "Capito', Mario"]
[Result "0-1"]
[WhiteElo "1557"]
[BlackElo "1701"]
[PlyCount "166"]
[EventDate "2008.11.22"]

1. e4 e5 2. Nf3 Nc6 3. Bc4 b6 4. d4 exd4 5. Nxd4 Bb7 6. Nxc6 dxc6 7. Qxd8+ Rxd8
8. O-O Bc5 9. Bf4 Rd4 10. Bd3 Nf6 11. Bxc7 O-O 12. Be5 Ng4 13. Bxd4 Bxd4 14. c3
Bf6 15. f4 Rd8 16. Rf3 Be7 17. b4 c5 18. h3 Nf6 19. Na3 cxb4 20. cxb4 Bxb4 21.
Nc2 Bc5+ 22. Kh2 Nxe4 23. Bc4 Rd2 24. Bb3 Ng5 25. Rg3 Nf3+ 26. Kh1 Nh4 27. Ne3
g6 28. Rd1 Bxe3 29. Rxe3 Rxg2 30. Bd5 Bxd5 31. Rxd5 Rxa2 32. Rg3 Ra1+ 33. Kh2
Kf8 34. Re3 Ra2+ 35. Kg1 Nf5 36. Red3 Rb2 37. Rd8+ Kg7 38. Ra8 a5 39. Ra7 Rb4
40. Rd2 Nh6 41. Rd6 a4 42. Ra6 b5 43. Rdb6 Rb3 44. Kg2 a3 45. Kf2 Rb2+ 46. Ke3
b4 47. Kd3 Nf5 48. Kc4 Ne3+ 49. Kd4 Nc2+ 50. Ke5 a2 51. Ke4 a1=Q 52. Rxa1 Nxa1
53. Kd3 Nc2 54. Rc6 Na3 55. Rb6 Rb1 56. Kd4 b3 57. Kc3 b2 58. Rxb2 Rxb2 59.
Kxb2 Nc4+ 60. Kc3 Nd6 61. Kd4 Kf6 62. Ke3 Kf5 63. Kf3 Ne4 64. Ke3 Nf6 65. Kf3
Nh5 66. h4 Nxf4 67. Kg3 h5 68. Kf3 Ne2 69. Kxe2 Kg4 70. Kf2 Kxh4 71. Kg2 f5 72.
Kh2 f4 73. Kg2 g5 74. Kf2 Kg4 75. Kg2 f3+ 76. Kf2 Kf4 77. Kf1 Ke3 78. Kg1 Ke2
79. Kh1 f2 80. Kg2 f1=Q+ 81. Kh2 Qf4+ 82. Kh3 Qg4+ 83. Kh2 Kf2 0-1

[Event "XI Weekend B"]
[Site "Porto Sant'Elpidio ITA"]
[Date "2008.11.30"]
[Round "6"]
[White "Miandro, Steven"]
[Black "Acciaioli, Fabio"]
[Result "1/2-1/2"]
[WhiteElo "1605"]
[BlackElo "1765"]
[PlyCount "42"]
[EventDate "2008.11.22"]

1. d4 Nf6 2. c4 g6 3. Nc3 d5 4. cxd5 Nxd5 5. e4 Nxc3 6. bxc3 c5 7. Bc4 Bg7 8.
Ne2 O-O 9. Be3 Nc6 10. O-O Qc7 11. Rc1 Rd8 12. Qd2 e6 13. Rfd1 a6 14. a4 b6 15.
h4 Ne5 16. Bd3 Ng4 17. Bf4 e5 18. Bg5 f6 19. f3 c4 20. Qa2 Be6 21. d5 Qc5+
1/2-1/2

[Event "XI Weekend B"]
[Site "Porto Sant'Elpidio ITA"]
[Date "2008.11.30"]
[Round "6"]
[White "Ripa', Daniele"]
[Black "Silvestri, Giorgio"]
[Result "1-0"]
[WhiteElo "1731"]
[BlackElo "1784"]
[PlyCount "69"]
[EventDate "2008.11.22"]

1. e4 c5 2. Nf3 Nc6 3. d4 cxd4 4. Nxd4 Nf6 5. Nc3 e5 6. Ndb5 d6 7. Bg5 a6 8.
Na3 Be6 9. Nc4 Rc8 10. Ne3 Nd4 11. Bd3 Be7 12. Bxf6 Bxf6 13. Ncd5 Bxd5 14. Nxd5
O-O 15. O-O Kh8 16. c3 Ne6 17. Qg4 Bh4 18. g3 Be7 19. Rad1 g6 20. f4 h5 21. Qe2
exf4 22. gxf4 Nc5 23. Bc2 Bh4 24. Kh1 Kg7 25. Rg1 Kh6 26. Rdf1 Re8 27. f5 Nxe4
28. Bxe4 g5 29. f6 Qa5 30. Ne7 Rxe7 31. fxe7 Qe5 32. Rxf7 Rh8 33. Rgf1 d5 34.
R7f6+ Qxf6 35. Rxf6+ 1-0

[Event "XI Weekend B"]
[Site "Porto Sant'Elpidio ITA"]
[Date "2008.11.30"]
[Round "6"]
[White "Scibe', Michele"]
[Black "Ciarloni, Giuseppe"]
[Result "1-0"]
[WhiteElo "1485"]
[BlackElo "1488"]
[PlyCount "109"]
[EventDate "2008.11.22"]

1. e4 e5 2. Nf3 Nc6 3. Bb5 a6 4. Ba4 Bc5 5. O-O b5 6. Bb3 h6 7. Nc3 d6 8. h3
Na5 9. Bd5 c6 10. Bb3 Nxb3 11. axb3 Nf6 12. d4 exd4 13. Nxd4 Bd7 14. Bf4 O-O
15. Re1 Qb6 16. Be3 Rfe8 17. Nf3 Bxe3 18. Rxe3 Re6 19. e5 dxe5 20. Rxe5 Rae8
21. Rxe6 Rxe6 22. Qd2 b4 23. Ne2 Ne4 24. Qd4 Nc5 25. Ng3 Re7 26. Rd1 Qb5 27.
Ne5 Be8 28. Nf5 Rc7 29. Nd7 Ne6 30. Nxh6+ gxh6 31. Nf6+ Kh8 32. Qg4 Ng7 33. Qe4
Qf5 34. Qxf5 Nxf5 35. Nxe8 Rc8 36. Nd6 Nxd6 37. Rxd6 Kg7 38. Kf1 a5 39. Ke2
Re8+ 40. Kd2 Re6 41. Rxe6 fxe6 42. Kd3 Kf6 43. Kd4 Ke7 44. Kc5 Kd7 45. Kb6 Kd6
46. Kxa5 c5 47. Kb5 Kd5 48. g4 Ke4 49. Kxc5 Kf4 50. Kxb4 e5 51. Kc4 Kf3 52. Kd5
e4 53. Kd4 Kxf2 54. Kxe4 Kg3 55. c4 1-0

[Event "XI Weekend U16"]
[Site "Porto Sant'Elpidio ITA"]
[Date "2008.11.22"]
[Round "1"]
[White "Cocciaretto, Marco"]
[Black "Copponi, Alice"]
[Result "1/2-1/2"]
[WhiteElo "1344"]
[BlackElo "1419"]
[PlyCount "66"]
[EventDate "2008.11.22"]

1. e4 e5 2. Nf3 Nc6 3. Bc4 Na5 4. d3 Nxc4 5. dxc4 Nf6 6. Nc3 Bb4 7. O-O O-O 8.
Nxe5 d6 9. Ng4 Nxg4 10. Qxg4 Bxg4 11. Nd5 c6 12. Nxb4 c5 13. Nd5 Be2 14. Re1
Bxc4 15. Ne3 d5 16. exd5 Bxd5 17. Rd1 Qg5 18. Rxd5 Qe7 19. b3 Rad8 20. Rxd8
Rxd8 21. Ba3 b6 22. c3 Rd6 23. Nf5 Qd8 24. Nxd6 Qxd6 25. Re1 g6 26. c4 a5 27.
Bb2 f5 28. Be5 Qd2 29. Kf1 Qd3+ 30. Re2 Qd1+ 31. Re1 Qd3+ 32. Re2 Qd1+ 33. Re1
Qd3+ 1/2-1/2

[Event "XI Weekend U16"]
[Site "Porto Sant'Elpidio ITA"]
[Date "2008.11.22"]
[Round "1"]
[White "Marchetti, Michael"]
[Black "Morelli, Anita"]
[Result "1-0"]
[WhiteElo "1443"]
[BlackElo "1374"]
[PlyCount "93"]
[EventDate "2008.11.22"]

1. e4 c5 2. Nf3 Nc6 3. Bc4 h6 4. Nc3 e5 5. O-O Nf6 6. d3 Be7 7. b3 a6 8. Bb2 b5
9. Bd5 Nxd5 10. Nxd5 O-O 11. Nxe5 Nxe5 12. Bxe5 d6 13. Bb2 Be6 14. Nxe7+ Qxe7
15. Re1 Qg5 16. Kh1 d5 17. exd5 Bxd5 18. f3 Bc6 19. Re5 Qd8 20. Rxc5 Rc8 21.
Qd2 Qe7 22. Qc3 f6 23. Rxc6 Rxc6 24. Qxc6 Re8 25. h3 Qe2 26. Qd5+ Kh7 27. Qf5+
Kg8 28. d4 Qf2 29. Qd3 Re3 30. Rf1 Rxd3 31. Rxf2 Rd1+ 32. Kh2 Re1 33. Rd2 Re8
34. d5 Rd8 35. d6 Kf7 36. c4 Ke6 37. c5 Kd7 38. Ba3 a5 39. b4 Ra8 40. Re2 axb4
41. Bxb4 Ra4 42. a3 Ra8 43. Re7+ Kc6 44. Rxg7 Rd8 45. Rc7+ Kd5 46. c6 Ke6 47.
d7 1-0

[Event "XI Weekend U16"]
[Site "Porto Sant'Elpidio ITA"]
[Date "2008.11.23"]
[Round "2"]
[White "Copponi, Alice"]
[Black "Marchetti, Michael"]
[Result "0-1"]
[WhiteElo "1419"]
[BlackElo "1443"]
[PlyCount "122"]
[EventDate "2008.11.22"]

1. d4 d5 2. Nc3 Nf6 3. Bg5 Bf5 4. Nf3 Nc6 5. e3 Nb4 6. Bd3 Ne4 7. a3 Nxd3+ 8.
cxd3 Nxg5 9. Nxg5 f6 10. e4 fxg5 11. exf5 Qd7 12. Qa4 Qxa4 13. Nxa4 O-O-O 14.
O-O Rd6 15. g4 e6 16. fxe6 Rxe6 17. Rae1 Rf6 18. Re8+ Kd7 19. Rfe1 b6 20. Nc3
Rf4 21. h3 Rxd4 22. R1e3 Rxd3 23. R3e5 g6 24. Kg2 c6 25. f3 Rd2+ 26. Ne2 Rxb2
27. Kf1 Rb1+ 28. Kg2 Rb3 29. a4 Ra3 30. Nd4 Rxa4 31. Nb3 Ra2+ 32. Kf1 Rh2 33.
Kg1 Rxh3 34. Kg2 Rh2+ 35. Kg1 Rb2 36. Nc1 Bc5+ 37. Kf1 Rxe8 38. Nd3 Rb1+ 39.
Ke2 Rxe5+ 40. Nxe5+ Kd6 41. Nf7+ Ke7 42. Nxg5 Rb2+ 43. Kd3 Rh2 44. f4 Rf2 45.
f5 gxf5 46. gxf5 Rxf5 47. Nxh7 Rh5 48. Ng5 Rxg5 49. Ke2 d4 50. Kd2 Rg3 51. Ke2
d3+ 52. Ke1 Bb4+ 53. Kf2 Rh3 54. Kg2 d2 55. Kxh3 d1=Q 56. Kh4 Be1+ 57. Kg5 Qd5+
58. Kg4 Qf7 59. Kh3 Qg8 60. Kh2 Bf2 61. Kh1 Qg1# 0-1

[Event "XI Weekend U16"]
[Site "Porto Sant'Elpidio ITA"]
[Date "2008.11.23"]
[Round "2"]
[White "Dazj, Andrea"]
[Black "Cocciaretto, Marco"]
[Result "0-1"]
[WhiteElo "1560"]
[BlackElo "1344"]
[PlyCount "128"]
[EventDate "2008.11.22"]

1. c4 e5 2. Nc3 Nc6 3. g3 Bc5 4. Bg2 Nf6 5. d3 h6 6. Nf3 O-O 7. O-O d6 8. a3
Nd4 9. b4 Nxf3+ 10. Bxf3 Bd4 11. Bb2 Bh3 12. Re1 Bg4 13. Bxb7 Rb8 14. Bg2 Qc8
15. Qc2 Bh3 16. e3 Bxc3 17. Bxc3 d5 18. cxd5 Qf5 19. e4 Qh5 20. Qe2 Ng4 21. Bf3
Rb6 22. Bxg4 Bxg4 23. Qe3 Rf6 24. f4 Re8 25. fxe5 Rf3 26. Qd2 Rc8 27. Rf1 Bh3
28. Rxf3 Qxf3 29. Re1 c5 30. b5 c4 31. d4 Rb8 32. Bb4 c3 33. Bxc3 Rxb5 34. Qf2
Qxc3 35. Qe3 Qc2 36. Qe2 Qc3 37. Rd1 Rb2 38. Rd3 Rb1+ 39. Kf2 Rf1+ 40. Qxf1
Qc2+ 41. Qe2 Qc1 42. Qe1 Qc2+ 43. Rd2 Qc3 44. d6 Bg4 45. Qe3 Qc1 46. d5 Qh1 47.
h4 Qh2+ 48. Kf1 Bh3+ 49. Ke1 Qh1+ 50. Qg1 Qxg1+ 51. Ke2 Qf1+ 52. Ke3 Qg1+ 53.
Kd3 Bf1+ 54. Kc3 Qxg3+ 55. Kd4 Qxa3 56. d7 Qb4+ 57. Ke3 Qc3+ 58. Kf2 Qxd2+ 59.
Kxf1 Qf4+ 60. Kg1 Qg3+ 61. Kf1 Qxh4 62. e6 fxe6 63. dxe6 Kf8 64. e5 Ke7 0-1

[Event "XI Weekend U16"]
[Site "Porto Sant'Elpidio ITA"]
[Date "2008.11.23"]
[Round "2"]
[White "Sagripanti, Francesco"]
[Black "Gregori, Giacomo"]
[Result "1-0"]
[WhiteElo "1494"]
[BlackElo "1497"]
[PlyCount "83"]
[EventDate "2008.11.22"]

1. e4 c5 2. Nf3 d6 3. d4 cxd4 4. Nxd4 Nf6 5. Nc3 g6 6. f3 Bg7 7. Be3 a6 8. Qd2
Nbd7 9. Bc4 Rb8 10. O-O-O Qc7 11. Be2 Ne5 12. Rhe1 Bd7 13. h3 b5 14. Nb3 Be6
15. Nd5 Bxd5 16. exd5 Nc4 17. Bxc4 bxc4 18. Nd4 Qb7 19. c3 Nxd5 20. Re2 Nxe3
21. Qxe3 O-O 22. Qxe7 d5 23. Qxb7 Rxb7 24. Nc6 Rd7 25. Ne7+ Kh8 26. Rxd5 Rxd5
27. Nxd5 Rd8 28. Nb6 Bh6+ 29. Kc2 Rd6 30. Nxc4 Rc6 31. Kb3 Rc7 32. g4 Bg5 33.
Na5 Rd7 34. Kc4 Rc7+ 35. Kd5 Be7 36. b4 Bf6 37. c4 Be7 38. c5 Kg7 39. a3 Bd8
40. Kd6 Kf8 41. Nc6 Rxc6+ 42. Kxc6 1-0

[Event "XI Weekend U16"]
[Site "Porto Sant'Elpidio ITA"]
[Date "2008.11.23"]
[Round "3"]
[White "Gregori, Giacomo"]
[Black "Dazj, Andrea"]
[Result "1/2-1/2"]
[WhiteElo "1497"]
[BlackElo "1560"]
[PlyCount "52"]
[EventDate "2008.11.22"]

1. d4 d5 2. c4 c6 3. Nf3 Bf5 4. Bf4 e6 5. Nc3 Bd6 6. Bxd6 Qxd6 7. e3 Nd7 8. Rc1
Ngf6 9. cxd5 cxd5 10. Qb3 Rb8 11. Nb5 Qb6 12. Nc7+ Ke7 13. Qxb6 Nxb6 14. Be2
Rhc8 15. O-O Ne8 16. Nxe8 Kxe8 17. Nd2 Kd7 18. Nb3 Kd6 19. Rfd1 Na4 20. Rd2 a6
21. Bd1 Rxc1 22. Nxc1 Rc8 23. Bxa4 Rxc1+ 24. Rd1 Rxd1+ 25. Bxd1 Bd3 26. f3 Kc6
1/2-1/2

[Event "XI Weekend U16"]
[Site "Porto Sant'Elpidio ITA"]
[Date "2008.11.23"]
[Round "3"]
[White "Marchetti, Michael"]
[Black "Cocciaretto, Marco"]
[Result "1-0"]
[WhiteElo "1443"]
[BlackElo "1344"]
[PlyCount "83"]
[EventDate "2008.11.22"]

1. e4 e5 2. Nf3 Nc6 3. Bc4 Nf6 4. Ng5 d5 5. exd5 Nxd5 6. Nxf7 Kxf7 7. Qf3+ Ke6
8. Nc3 Nd4 9. Qxd5+ Qxd5 10. Nxd5 Nxc2+ 11. Kd1 Nxa1 12. Nxc7+ Kf6 13. Nxa8 Bf5
14. d3 e4 15. Ke2 Bb4 16. Nc7 exd3+ 17. Bxd3 Bxd3+ 18. Kxd3 Rd8+ 19. Ke4 Kg6
20. Bg5 Kxg5 21. Ne6+ Kf6 22. Nxd8 Nc2 23. Nxb7 Be7 24. a3 a5 25. Rc1 Nxa3 26.
bxa3 Bxa3 27. Ra1 Bb4 28. Nxa5 Bxa5 29. Rxa5 g6 30. f4 h5 31. f5 g5 32. Ra6+
Kf7 33. Ke5 Ke7 34. Ra7+ Kd8 35. Ke6 g4 36. f6 Kc8 37. Kd6 Kb8 38. Rh7 g3 39.
h3 Kc8 40. Rc7+ Kd8 41. f7 h4 42. f8=Q# 1-0

[Event "XI Weekend U16"]
[Site "Porto Sant'Elpidio ITA"]
[Date "2008.11.23"]
[Round "3"]
[White "Morelli, Anita"]
[Black "Sagripanti, Francesco"]
[Result "0-1"]
[WhiteElo "1374"]
[BlackElo "1494"]
[PlyCount "60"]
[EventDate "2008.11.22"]

1. d4 Nf6 2. c4 e6 3. Nc3 Bb4 4. Qc2 b6 5. Nf3 Bb7 6. Bd2 Bxc3 7. Bxc3 d5 8. b3
Ne4 9. Bb2 Nd7 10. e3 Rc8 11. cxd5 exd5 12. Bd3 Ng5 13. Qe2 Qf6 14. Ba3 Nxf3+
15. gxf3 c5 16. f4 O-O 17. Qh5 h6 18. Rd1 Rfe8 19. Qf5 Qxf5 20. Bxf5 Re7 21.
dxc5 bxc5 22. Bb2 d4 23. Rg1 Rd8 24. Bxd7 Rdxd7 25. Rg3 Ba6 26. f5 f6 27. Kd2
dxe3+ 28. Kc1 Rxd1+ 29. Kxd1 exf2 30. Bxf6 f1=Q+ 0-1

[Event "XI Weekend U16"]
[Site "Porto Sant'Elpidio ITA"]
[Date "2008.11.29"]
[Round "4"]
[White "Copponi, Alice"]
[Black "Dazj, Andrea"]
[Result "0-1"]
[WhiteElo "1419"]
[BlackElo "1560"]
[PlyCount "80"]
[EventDate "2008.11.22"]

1. d4 d5 2. Nc3 Nf6 3. Nf3 Bf5 4. Bg5 e6 5. e3 Bb4 6. Bd3 Bg4 7. a3 Ba5 8. b4
Bb6 9. O-O h6 10. Bxf6 Qxf6 11. Be2 Nd7 12. a4 a5 13. bxa5 Bxa5 14. Nb5 O-O 15.
c3 c6 16. h3 Bxf3 17. Bxf3 cxb5 18. axb5 Bxc3 19. Rxa8 Rxa8 20. Qd3 Bb4 21. Rb1
Bd6 22. Qd1 Nb6 23. Ra1 Rxa1 24. Qxa1 Qd8 25. Qb1 Nc4 26. Qd3 Qa5 27. g4 Qxb5
28. Bd1 Qb4 29. Bc2 g6 30. h4 Qd2 31. Qb3 Bb4 32. Qa4 Nb2 33. Qe8+ Kg7 34. Bb3
Qc3 35. Ba2 Qa3 36. Bb1 Qa1 37. f4 Qxb1+ 38. Kf2 Qe1+ 39. Kf3 Nd1 40. Qb5 Qf2#
0-1

[Event "XI Weekend U16"]
[Site "Porto Sant'Elpidio ITA"]
[Date "2008.11.29"]
[Round "4"]
[White "Gregori, Giacomo"]
[Black "Morelli, Anita"]
[Result "1-0"]
[WhiteElo "1497"]
[BlackElo "1374"]
[PlyCount "73"]
[EventDate "2008.11.22"]

1. d4 d5 2. c4 c6 3. Nc3 Nf6 4. cxd5 cxd5 5. Nf3 e6 6. Bg5 Be7 7. e3 Ne4 8.
Bxe7 Qxe7 9. Bd3 Qd8 10. Nxe4 dxe4 11. Bxe4 Qa5+ 12. Qd2 Qxd2+ 13. Nxd2 O-O 14.
O-O Nd7 15. Rac1 Rb8 16. Nb3 Nf6 17. Bf3 Bd7 18. Rc3 Ba4 19. Nc5 b6 20. Nxa4
Rbc8 21. Rfc1 Rcd8 22. Rc7 b5 23. Nc3 a6 24. Ne4 Nd5 25. Ra7 Nb4 26. a3 Nd3 27.
Rc2 Rc8 28. Rac7 Rxc7 29. Rxc7 Nxb2 30. Nc5 a5 31. Rb7 b4 32. axb4 a4 33. Ra7
g6 34. Nxa4 Nxa4 35. Rxa4 Rc8 36. g3 f5 37. Ra8 1-0

[Event "XI Weekend U16"]
[Site "Porto Sant'Elpidio ITA"]
[Date "2008.11.29"]
[Round "4"]
[White "Sagripanti, Francesco"]
[Black "Marchetti, Michael"]
[Result "1/2-1/2"]
[WhiteElo "1494"]
[BlackElo "1443"]
[PlyCount "27"]
[EventDate "2008.11.22"]

1. e4 e5 2. Nf3 Nc6 3. Bc4 Bc5 4. c3 Nf6 5. d4 exd4 6. cxd4 Bb4+ 7. Bd2 Bxd2+
8. Nbxd2 d5 9. exd5 Nxd5 10. O-O O-O 11. Re1 Bg4 12. h3 Bh5 13. Qb3 Nb6 14. Qd3
1/2-1/2

[Event "XI Weekend U16"]
[Site "Porto Sant'Elpidio ITA"]
[Date "2008.11.30"]
[Round "5"]
[White "Cocciaretto, Marco"]
[Black "Gregori, Giacomo"]
[Result "0-1"]
[WhiteElo "1344"]
[BlackElo "1497"]
[PlyCount "84"]
[EventDate "2008.11.22"]

1. e4 c5 2. Nf3 d6 3. Bc4 Nc6 4. Nc3 Nf6 5. h3 g6 6. Ng5 Ne5 7. d3 Nxc4 8. dxc4
Bg7 9. O-O O-O 10. Nd5 Bd7 11. Qf3 h6 12. Nxf6+ exf6 13. Nxf7 Rxf7 14. Rd1 Qe7
15. h4 h5 16. Qd3 Bc6 17. f3 Rd8 18. Bf4 Bf8 19. Qe3 Kh7 20. g4 hxg4 21. fxg4
Qxe4 22. Qxe4 Bxe4 23. Re1 Bxc2 24. Rac1 Ba4 25. b3 Bc6 26. Re2 Re7 27. Rh2
Rde8 28. Bd2 Re2 29. Rxe2 Rxe2 30. Rc2 Bh6 31. g5 fxg5 32. hxg5 Bxg5 33. Rc3
Bxd2 34. Rh3+ Kg7 35. Kf1 Rg2 36. Rd3 Bf4 37. Ke1 Rxa2 38. b4 cxb4 39. Rd4 Be5
40. Rd3 b5 41. Rb3 bxc4 42. Rxb4 Bc3+ 0-1

[Event "XI Weekend U16"]
[Site "Porto Sant'Elpidio ITA"]
[Date "2008.11.30"]
[Round "5"]
[White "Dazj, Andrea"]
[Black "Marchetti, Michael"]
[Result "1-0"]
[WhiteElo "1560"]
[BlackElo "1443"]
[PlyCount "115"]
[EventDate "2008.11.22"]

1. e4 e5 2. Nf3 Nc6 3. Bc4 Bc5 4. Nc3 d6 5. h3 Nf6 6. d3 O-O 7. Bg5 h6 8. Bh4
Re8 9. Nd5 Be6 10. Nxf6+ gxf6 11. Bb5 a6 12. Ba4 b5 13. Bb3 Na5 14. Bxe6 fxe6
15. a3 Nb7 16. b4 Bb6 17. Qc1 Kh7 18. Nh2 a5 19. Ng4 Rh8 20. Qxh6+ Kg8 21. Qg6+
Kf8 22. Bxf6 Qd7 23. Bxh8 Qf7 24. Qf6 axb4 25. Ke2 bxa3 26. Ra2 Bd4 27. Rb1 Bb2
28. Rbxb2 Qxf6 29. Bxf6 axb2 30. Rxb2 c6 31. h4 Kf7 32. c4 Ra5 33. Bg5 Ra6 34.
cxb5 Rb6 35. Rc2 c5 36. Rb2 Kg6 37. Ne3 Na5 38. Nc4 Nxc4 39. dxc4 Rb7 40. b6
Kf7 41. g4 Ke8 42. h5 Kd7 43. h6 Kc6 44. Bf6 Rh7 45. g5 Kb7 46. Bg7 d5 47. cxd5
exd5 48. exd5 c4 49. g6 c3 50. Rc2 Kxb6 51. gxh7 Kc5 52. h8=Q Kb4 53. Qb8+ Kc4
54. Qc7+ Kxd5 55. Rxc3 Ke6 56. Qxe5+ Kd7 57. Rc7+ Kd8 58. Qe7# 1-0

[Event "XI Weekend U16"]
[Site "Porto Sant'Elpidio ITA"]
[Date "2008.11.30"]
[Round "5"]
[White "Sagripanti, Francesco"]
[Black "Copponi, Alice"]
[Result "1-0"]
[WhiteElo "1494"]
[BlackElo "1419"]
[PlyCount "93"]
[EventDate "2008.11.22"]

1. e4 e5 2. Nf3 Nc6 3. Bc4 Nf6 4. Nc3 Bb4 5. d3 d6 6. h3 Na5 7. Bb3 Nxb3 8.
axb3 O-O 9. O-O Be6 10. Be3 b6 11. Ng5 Bd7 12. d4 h6 13. dxe5 dxe5 14. Nf3 Re8
15. Qd3 Bc6 16. Qc4 Bb7 17. Qxb4 c5 18. Qc4 Qc8 19. Rfd1 Ba6 20. Qxa6 Qxa6 21.
Rxa6 Reb8 22. Nd5 Nd7 23. Nc7 Nf8 24. Nxa8 Rxa8 25. Nxe5 f6 26. Nd7 Nxd7 27.
Rxd7 g5 28. Raxa7 Rc8 29. h4 Kf8 30. hxg5 fxg5 31. Rf7+ Kg8 32. e5 Re8 33. Rae7
Rd8 34. Rg7+ Kh8 35. Rh7+ Kg8 36. Reg7+ Kf8 37. Rh8+ Kxg7 38. Rxd8 Kf7 39. Rd6
b5 40. e6+ Kf6 41. Bxc5 h5 42. Rb6 g4 43. e7+ Kf7 44. Rb8 Kf6 45. Rf8+ Ke5 46.
e8=Q+ Kd5 47. Rf5# 1-0

[Event "XI Weekend U16"]
[Site "Porto Sant'Elpidio ITA"]
[Date "2008.11.30"]
[Round "6"]
[White "Dazj, Andrea"]
[Black "Sagripanti, Francesco"]
[Result "0-1"]
[WhiteElo "1560"]
[BlackElo "1494"]
[PlyCount "100"]
[EventDate "2008.11.22"]

1. e4 e6 2. d4 d5 3. exd5 exd5 4. Nf3 Bd6 5. Bd3 Ne7 6. h3 O-O 7. Nc3 c6 8. O-O
Re8 9. Re1 h6 10. Bd2 Bf5 11. Be3 Nd7 12. Bxf5 Nxf5 13. Qd3 Nxe3 14. Rxe3 Rxe3
15. Qxe3 Qe8 16. Qd3 g6 17. Re1 Qf8 18. Qe3 Nf6 19. a3 Re8 20. Qd2 Rxe1+ 21.
Qxe1 Qe7 22. Qxe7 Bxe7 23. Kf1 Bd6 24. Ke2 Kf8 25. Na2 Ke7 26. Nc1 Ke6 27. Nd3
Nd7 28. Nd2 b6 29. Nb3 g5 30. c3 c5 31. dxc5 Bxc5 32. Nbxc5+ Nxc5 33. Nxc5+
bxc5 34. Ke3 Ke5 35. g3 c4 36. f4+ gxf4+ 37. gxf4+ Kf5 38. Kd4 Kxf4 39. Kxd5 f5
40. Kxc4 Ke4 41. Kb5 f4 42. c4 f3 43. c5 f2 44. Ka6 f1=Q+ 45. Kxa7 Qb5 46. b4
Qa4+ 47. Kb7 Qxa3 48. c6 Qxb4+ 49. Kc7 Kd5 50. Kd7 Qd6+ 0-1

[Event "XI Weekend U16"]
[Site "Porto Sant'Elpidio ITA"]
[Date "2008.11.30"]
[Round "6"]
[White "Marchetti, Michael"]
[Black "Gregori, Giacomo"]
[Result "1-0"]
[WhiteElo "1443"]
[BlackElo "1497"]
[PlyCount "95"]
[EventDate "2008.11.22"]

1. e4 c5 2. Nf3 d6 3. d4 cxd4 4. Nxd4 Nf6 5. Nc3 g6 6. Bg5 Bg7 7. Bc4 a6 8. O-O
Nbd7 9. Re1 Qc7 10. Bb3 O-O 11. Qd2 Re8 12. Re2 b5 13. Rae1 Bb7 14. f3 Rad8 15.
Nd5 Nxd5 16. Bxd5 Bxd5 17. exd5 Qc5 18. c3 Ne5 19. f4 Nc4 20. Qd3 Bxd4+ 21.
Qxd4 Qxd4+ 22. cxd4 f6 23. Bxf6 Rd7 24. Bxe7 Kf7 25. Bg5 Rxe2 26. Rxe2 Nb6 27.
g4 Nxd5 28. f5 Ne7 29. Rxe7+ Rxe7 30. Bxe7 Kxe7 31. fxg6 hxg6 32. Kf2 Kf6 33.
h4 d5 34. Kf3 a5 35. Kf4 b4 36. g5+ Ke6 37. b3 Kd6 38. Kg4 Ke6 39. h5 gxh5+ 40.
Kxh5 Kf7 41. Kh6 Kg8 42. g6 Kh8 43. Kg5 Kg7 44. Kf5 Kf8 45. Kf6 Kg8 46. g7 Kh7
47. Kf7 Kh6 48. g8=Q 1-0

[Event "XI Weekend U16"]
[Site "Porto Sant'Elpidio ITA"]
[Date "2008.11.30"]
[Round "6"]
[White "Morelli, Anita"]
[Black "Cocciaretto, Marco"]
[Result "1/2-1/2"]
[WhiteElo "1374"]
[BlackElo "1344"]
[PlyCount "46"]
[EventDate "2008.11.22"]

1. d4 Nf6 2. c4 d5 3. Nc3 dxc4 4. e4 Nc6 5. d5 Ne5 6. Nf3 Bg4 7. Be2 Nxf3+ 8.
Bxf3 Qd7 9. e5 Bxf3 10. Qxf3 Ng8 11. O-O O-O-O 12. Rd1 Nh6 13. Bxh6 gxh6 14.
Qxf7 Qg4 15. h3 Qg5 16. f4 Qg3 17. Qf5+ Kb8 18. Qe4 e6 19. dxe6 Rxd1+ 20. Rxd1
Bc5+ 21. Kh1 Be3 22. Qf3 Bxf4 23. Qxg3 Bxg3 1/2-1/2

[Event "II Weekend"]
[Site "Recco ITA"]
[Date "2008.11.28"]
[Round "1"]
[White "Gandolfi, Gianfranco"]
[Black "Manfredi, Vincenzo"]
[Result "0-1"]
[WhiteElo "1837"]
[BlackElo "2206"]
[PlyCount "86"]
[EventDate "2008.11.28"]

1. e4 c5 2. Nf3 Nc6 3. d4 cxd4 4. Nxd4 e6 5. Be3 a6 6. Bd3 Nf6 7. O-O Qc7 8.
Nxc6 Qxc6 9. Nc3 Ba3 10. bxa3 Qxc3 11. f4 Nxe4 12. Qg4 d5 13. Rae1 f5 14. Qh5+
g6 15. Qh6 Kf7 16. Bxe4 dxe4 17. Bb6 Re8 18. Qxh7+ Qg7 19. Qh3 Bd7 20. Qe3 Bc6
21. c4 Qh6 22. Rd1 e5 23. fxe5 Qxe3+ 24. Bxe3 Rxe5 25. Bd4 Ra5 26. Bb2 Re8 27.
Rfe1 Ke6 28. Kf2 f4 29. Rd4 Kf5 30. Rd6 Re6 31. Rxe6 Kxe6 32. Rd1 e3+ 33. Kf1
Rc5 34. Rd4 Rxc4 35. Rxc4 Bb5 36. Ke2 g5 37. g3 Bxc4+ 38. Kf3 Bd5+ 39. Ke2 Kf5
40. gxf4 gxf4 41. Kd3 Bxa2 42. h3 Bc4+ 43. Kxc4 Ke4 0-1

[Event "II Weekend"]
[Site "Recco ITA"]
[Date "2008.11.28"]
[Round "1"]
[White "Gioseffi, Massimiliano"]
[Black "Vicentini, Andrea"]
[Result "0-1"]
[WhiteElo "2109"]
[BlackElo "1771"]
[PlyCount "34"]
[EventDate "2008.11.28"]

1. d4 e6 2. Nf3 f5 3. g3 Nf6 4. Bg2 d5 5. O-O Bd6 6. b3 Qe7 7. c4 c6 8. Bb2 O-O
9. Nbd2 Bd7 10. Qc2 Be8 11. Ne5 Nbd7 12. f3 Nxe5 13. dxe5 Bc5+ 14. Kh1 Nh5 15.
e4 Qg5 16. exd5 Nxg3+ 17. hxg3 Qh6+ 0-1

[Event "II Weekend"]
[Site "Recco ITA"]
[Date "2008.11.28"]
[Round "1"]
[White "Lettich, Sergio"]
[Black "Bozzo, Alberto"]
[Result "1/2-1/2"]
[WhiteElo "2032"]
[BlackElo "1686"]
[PlyCount "74"]
[EventDate "2008.11.28"]

1. d4 Nf6 2. c4 e6 3. Nc3 d5 4. e3 Bb4 5. a3 Be7 6. Nf3 O-O 7. Bd3 Nbd7 8. O-O
a6 9. Qc2 dxc4 10. Bxc4 b5 11. Bd3 Bb7 12. b4 Nb6 13. Bb2 c6 14. Rfd1 Nbd5 15.
Ne4 Nd7 16. Nc5 Nxc5 17. dxc5 Bf6 18. Nd4 Qc7 19. Nb3 Rad8 20. Qe2 Bxb2 21.
Qxb2 e5 22. Be2 f6 23. Nd2 Bc8 24. Ne4 Be6 25. Nd6 Ne7 26. Rd2 Rd7 27. Rad1
Rfd8 28. Bf3 Nc8 29. Nxc8 Qxc8 30. Rd6 Rxd6 31. cxd6 c5 32. bxc5 Qxc5 33. Qb4
Qb6 34. a4 Bc4 35. axb5 Qxb5 36. Bd5+ Bxd5 37. Qxb5 axb5 1/2-1/2

[Event "II Weekend"]
[Site "Recco ITA"]
[Date "2008.11.28"]
[Round "1"]
[White "Ljubisavljevic, Zivojin Z."]
[Black "Bertocci, Daniel"]
[Result "1-0"]
[WhiteElo "2248"]
[BlackElo "1841"]
[PlyCount "117"]
[EventDate "2008.11.28"]

1. g3 d5 2. Bg2 e5 3. c4 dxc4 4. Nf3 Nc6 5. Qa4 Bd7 6. Qxc4 Bd6 7. d4 Nf6 8.
dxe5 Be6 9. Qf4 Nd5 10. Qe4 Bb4+ 11. Bd2 Qd7 12. O-O Bf5 13. Qc4 Nb6 14. Qc1
Bh3 15. Bxb4 Bxg2 16. Kxg2 Nxb4 17. Nc3 O-O-O 18. Rd1 Qc6 19. Qg5 Qg6 20. Qxg6
hxg6 21. Ng5 f6 22. exf6 gxf6 23. Nge4 N6d5 24. Nxd5 Nxd5 25. Nc3 Rh5 26. Nxd5
Rhxd5 27. Rxd5 Rxd5 28. Rb1 Rd2 29. Kf3 Kd7 30. h4 Ke6 31. g4 Rd5 32. Rc1 c6
33. Rc3 Ra5 34. a3 Rb5 35. b3 a5 36. Kg3 Kf7 37. e4 Kg7 38. f4 Kf7 39. g5 Kg7
40. gxf6+ Kxf6 41. Kg4 Ke6 42. Rd3 Rc5 43. e5 Rc1 44. Rd6+ Kf7 45. Rd7+ Ke6 46.
Rxb7 Rg1+ 47. Kf3 Rf1+ 48. Ke3 Kf5 49. Rf7+ Kg4 50. Rf6 Rf3+ 51. Ke4 Rxb3 52.
Rxg6+ Kh5 53. Rxc6 Rxa3 54. Kf5 Re3 55. e6 a4 56. Kf6 Re4 57. f5 Kh6 58. e7 a3
59. Ra6 1-0

[Event "II Weekend"]
[Site "Recco ITA"]
[Date "2008.11.28"]
[Round "1"]
[White "Pedemonte, Claudio"]
[Black "Pedini, Dario"]
[Result "0-1"]
[WhiteElo "1832"]
[BlackElo "2123"]
[PlyCount "54"]
[EventDate "2008.11.28"]

1. c4 e5 2. g3 Nc6 3. Bg2 g6 4. Nc3 Bg7 5. e4 d6 6. Nge2 Be6 7. d3 Qd7 8. Nd5
Nd8 9. Be3 c6 10. Ndc3 f5 11. f4 Nf6 12. exf5 Bxf5 13. Ne4 Ng4 14. Bc1 O-O 15.
h3 Nf6 16. g4 Nxe4 17. gxf5 Nc5 18. d4 exd4 19. Nxd4 Qe7+ 20. Kf2 Ne4+ 21. Kf3
gxf5 22. Re1 Qh4 23. Nxf5 Qf2+ 24. Kxe4 Qxg2+ 25. Kd3 Qg6 26. Ke3 Qxf5 27. Rg1
Ne6 0-1

[Event "II Weekend"]
[Site "Recco ITA"]
[Date "2008.11.28"]
[Round "1"]
[White "Sbarra, Marco"]
[Black "Biancotti, Alessandro"]
[Result "1-0"]
[WhiteElo "2204"]
[BlackElo "1837"]
[PlyCount "35"]
[EventDate "2008.11.28"]

1. d4 Nf6 2. c4 g6 3. Nc3 d5 4. Nf3 Bg7 5. Bg5 c6 6. e3 Qa5 7. cxd5 cxd5 8. Qb3
e6 9. Bb5+ Nc6 10. Ne5 Bd7 11. Bxf6 Bxf6 12. Nxd7 Kxd7 13. O-O h5 14. Nxd5 exd5
15. Qxd5+ Ke7 16. Qc5+ Kd8 17. Qd6+ Kc8 18. Bxc6 1-0